| 000 | 00908nam a22002897a 4500 | ||
|---|---|---|---|
| 003 | CHAP | ||
| 005 | 20220329140029.0 | ||
| 008 | 971013s1974 r 10010 d | ||
| 010 | _a45918 | ||
| 011 | _a46890 | ||
| 035 | _a51031 | ||
| 040 | _cCHAP | ||
| 082 |
_a636.08 _bR47 1974 |
||
| 111 | 0 | 0 |
_aReuniao da Sociedade Brasileira da Zootecnia ( _n11 _d: 1974 _c: Fortaleza) _996210 |
| 245 | _aAnais | ||
| 260 |
_aFortaleza : _bUniversidade Federal do Ceará, _c1974 |
||
| 300 | _a345 p. | ||
| 590 |
_aBATCH-UPD _b10 _c20130110 _lUCH01 _h1225 |
||
| 590 |
_aBATCH-UPD _b10 _c20130410 _lUCH01 _h0758 |
||
| 590 |
_aBATCH-UPD _b10 _c20130914 _lUCH01 _h1459 |
||
| 590 |
_aCONVERSION _b10 _c20130109 _lUCH01 _h1325 |
||
| 650 | 1 | 4 |
_aGanadería _xBrasil. _944663 |
| 650 | 1 | 4 |
_aGanadería _xCongresos. _944677 |
| 901 | _aBK | ||
| 942 | _cLIBRO | ||
| 949 |
_a636.08 R47 1974 _bBC _cLIBRO _d33724000261202 _eLIBRO _h38931 _i51031 _si |
||
| 999 |
_c45918 _d45918 |
||